|
|
|
|
| LEADER |
00787cam a2200229 a 4500 |
| 001 |
0000082979 |
| 005 |
20070119090000.0 |
| 040 |
|
|
|a mod
|
| 041 |
|
|
|a eng
|
| 020 |
0 |
0 |
|a 0131133233
|
| 090 |
0 |
0 |
|a 362.19186
|b STE
|e 2005
|
| 100 |
1 |
0 |
|a Stevens
|h Patricia
|y 1947-
|
| 245 |
1 |
0 |
|a Substance abuse counseling
|b theory and practice
|c Patricia Stevens, Robert L. Smith
|
| 250 |
0 |
0 |
|a 3rd ed
|
| 260 |
0 |
0 |
|a Upper Saddle River, N.J.
|b Merrill/Prentice Hall
|c 2005
|
| 300 |
0 |
0 |
|a 362.29186
|b STE
|e 2005
|
| 500 |
0 |
0 |
|a Includes bibliographical references and index
|
| 650 |
0 |
0 |
|a Substance abuse
|x Treatment
|
| 650 |
0 |
0 |
|a Substance abuse
|x Patients
|x Counseling of
|
| 700 |
1 |
1 |
|a Smith
|h Robert L. (Robert Leonard)
|y 1943-
|
| 852 |
0 |
0 |
|a 01
|
| 999 |
|
|
|a 0247437
|b KEMENTAH
|d BOOKS
|e Umum
|f Perpustakaan KEMENTAH
|j AVAILABLE
|q GOOD CONDITION
|